| 000 | 00517nam a2200145Ia 4500 | ||
|---|---|---|---|
| 008 | 100204s9999 xx 000 0 und d | ||
| 082 | _b17982 | ||
| 100 | _aइनामदार ना.स. | ||
| 245 | _aअनुमानाही पडे साकडे | ||
| 260 |
_b"सन पब्लिकेशन्स , पुणे" _c1994 |
||
| 300 | _a229 | ||
| 630 | _aअनुमानाही पडे साकडे | ||
| 730 | _aअनुमानाही पडे साकडे | ||
| 942 | _cBOOK | ||
| 999 |
_c462405 _d462402 |
||